Asaker e Pakistan ki Adbi Khidmaat (عسا کر پاکستان کی ادبی خدمات) / (Record no. 592779)
[ view plain ]
| 000 -LEADER | |
|---|---|
| fixed length control field | 00406nam a22001337a 4500 |
| 040 ## - CATALOGING SOURCE | |
| Transcribing agency | NUST |
| 082 ## - DEWEY DECIMAL CLASSIFICATION NUMBER | |
| Classification number | 355.02,TAH |
| 100 ## - MAIN ENTRY--PERSONAL NAME | |
| Personal name | Sarwar, Dr. Tahira |
| 9 (RLIN) | 105660 |
| 245 ## - TITLE STATEMENT | |
| Title | Asaker e Pakistan ki Adbi Khidmaat (عسا کر پاکستان کی ادبی خدمات) / |
| Statement of responsibility, etc. | Dr. Tahira Sarwar |
| 260 ## - PUBLICATION, DISTRIBUTION, ETC. | |
| Place of publication, distribution, etc. | Lahore |
| Name of publisher, distributor, etc. | Sanjh |
| Date of publication, distribution, etc. | 2019 |
| 300 ## - PHYSICAL DESCRIPTION | |
| Extent | 744 p.: |
| 650 ## - SUBJECT ADDED ENTRY--TOPICAL TERM | |
| Topical term or geographic name entry element | Urdu Nasar |
| 9 (RLIN) | 105666 |
| 942 ## - ADDED ENTRY ELEMENTS (KOHA) | |
| Source of classification or shelving scheme | |
| Koha item type | Book |
| Call number suffix | 355.02,TAH |
| Withdrawn status | Lost status | Source of classification or shelving scheme | Damaged status | Not for loan | Permanent Location | Current Location | Shelving location | Date acquired | Full call number | Barcode | Date last seen | Price effective from | Koha item type | Public note |
|---|---|---|---|---|---|---|---|---|---|---|---|---|---|---|
| Military College of Signals (MCS) | Military College of Signals (MCS) | General Stacks | 12/22/2022 | 355.02,TAH | MCS38314 | 12/22/2022 | 12/22/2022 | Book | Almirah Fresh No.45, Shelf No.6 |
